<?xml version="1.0" encoding="UTF-8"?>
<record
    xmlns:xsi="http://www.w3.org/2001/XMLSchema-instance"
    xsi:schemaLocation="http://www.loc.gov/MARC21/slim http://www.loc.gov/standards/marcxml/schema/MARC21slim.xsd"
    xmlns="http://www.loc.gov/MARC21/slim">

  <leader>04465nam a2200421Ia 4500</leader>
  <controlfield tag="001">dia_4675</controlfield>
  <controlfield tag="003">CHAP</controlfield>
  <controlfield tag="005">20241217134741.0</controlfield>
  <controlfield tag="007">ta</controlfield>
  <controlfield tag="008">220117s2010    mx ao  frm    001 0 spa d</controlfield>
  <datafield tag="010" ind1=" " ind2=" ">
    <subfield code="a">175361</subfield>
  </datafield>
  <datafield tag="040" ind1=" " ind2=" ">
    <subfield code="a">mxchpua</subfield>
    <subfield code="c">CHAP</subfield>
  </datafield>
  <datafield tag="041" ind1="0" ind2=" ">
    <subfield code="a">spa</subfield>
    <subfield code="b">eng</subfield>
  </datafield>
  <datafield tag="090" ind1=" " ind2=" ">
    <subfield code="a">Tesis </subfield>
    <subfield code="b">R85 </subfield>
    <subfield code="c">2010</subfield>
  </datafield>
  <datafield tag="100" ind1="1" ind2=" ">
    <subfield code="a">Ruiz D&#xED;az, Mar&#xED;a del Carmen</subfield>
  </datafield>
  <datafield tag="240" ind1="1" ind2="0">
    <subfield code="a">Obtaining of prickly pear peel (opuntia spp.) extracts and its effect on the growth of pathogenic bacteria.</subfield>
    <subfield code="l">Espa&#xF1;ol</subfield>
  </datafield>
  <datafield tag="245" ind1="1" ind2="0">
    <subfield code="a">Obtenci&#xF3;n de extractos de cascara de tuna (opuntia spp) y su efecto sobre el crecimiento de bacterias pat&#xF3;genas /</subfield>
    <subfield code="c">Mar&#xED;a del Carmen Ru&#xED;z D&#xED;az</subfield>
  </datafield>
  <datafield tag="264" ind1=" " ind2=" ">
    <subfield code="a">Chapingo, M&#xE9;xico :</subfield>
    <subfield code="b">El autor,</subfield>
    <subfield code="c">2010</subfield>
  </datafield>
  <datafield tag="300" ind1=" " ind2=" ">
    <subfield code="a">x, 48 hojas :</subfield>
    <subfield code="b">ilustraciones, tablas, fotograf&#xED;as +</subfield>
    <subfield code="e">1 CD-ROM</subfield>
  </datafield>
  <datafield tag="336" ind1=" " ind2=" ">
    <subfield code="2">rdacontent</subfield>
    <subfield code="a">texto</subfield>
    <subfield code="b">txt</subfield>
  </datafield>
  <datafield tag="337" ind1=" " ind2=" ">
    <subfield code="2">rdamedia</subfield>
    <subfield code="a">no mediado</subfield>
    <subfield code="b">n</subfield>
  </datafield>
  <datafield tag="338" ind1=" " ind2=" ">
    <subfield code="2">rdacarrier</subfield>
    <subfield code="a">volumen</subfield>
    <subfield code="b">nc</subfield>
  </datafield>
  <datafield tag="502" ind1=" " ind2=" ">
    <subfield code="a">Tesis</subfield>
    <subfield code="b">(Ingeniero Agroindustrial) --</subfield>
    <subfield code="c">UACh. Departamento de Ingenier&#xED;a Agroindustrial,</subfield>
    <subfield code="d">2010</subfield>
  </datafield>
  <datafield tag="504" ind1=" " ind2=" ">
    <subfield code="a">Bibliograf&#xED;a : hojas 40-46</subfield>
  </datafield>
  <datafield tag="520" ind1="3" ind2=" ">
    <subfield code="a">El objetivo de este trabajo fue evaluar el efecto de inhibici&#xF3;n del extracto de c&#xE1;scara de seis especies de tuna: Opuntia joconostle (xoconostle), Opuntia amyclaea (tuna blanca o Alfajayucan), Opuntia megacantha (L.) Mill (tuna amarilla), Opuntia robusta (tuna tapona), Opuntia sp. (tuna rojo vigor) y Opuntia sp. (tuna roja San Mart&#xED;n), sobre el crecimiento de bacterias pat&#xF3;genas: Escherichia coli, Salmonellatyphi y Staphylococcus aureus. Para comprobar la inhibici&#xF3;n, los extractos fueronadicionados por separado en placas con agar nutritivo y se inocularon 1x103 ufc ml-1de cada uno de los microorganismos, contabilizando nuevamente la poblaci&#xF3;n debacterias, al final del per&#xED;odo de incubaci&#xF3;n. Otro m&#xE9;todo utilizado para medir elgrado de inhibici&#xF3;n del crecimiento microbiano fue difusi&#xF3;n en agar, mediante discosde papel impregnados con cada uno de los extractos, midiendo al final de laincubaci&#xF3;n, el di&#xE1;metro del halo de inhibici&#xF3;n. Adicionalmente, para contrastar losresultados se sembraron placas con Bencilpenicilina y placas sin antibi&#xF3;tico y sinextractos de tuna como testigo. Los extractos de c&#xE1;scara de todas las variedades detuna inhibieron de manera diferenciada el crecimiento de las tres bacteriasestudiadas. Los extractos de Opuntia joconostle, Opuntia amyclaea y Opuntia robusta, inhibieron al 100% tanto a las bacterias gram negativas (E. coli y Salmonella tiphy) como a la gram positiva (S. aureus). Los extractos de las especies Opuntia megacantha (L) Mill y Opuntia sp. (rojo vigor) mostraron el menor grado de inhibici&#xF3;n del crecimiento de las bacterias antes mencionadas.</subfield>
  </datafield>
  <datafield tag="520" ind1="3" ind2=" ">
    <subfield code="a">The objective of this work was to evaluate the inhibition effect of six species of prickly pear peel extracts: Opuntia joconostle (xoconostle), O. amyclaea (white prickly pear or Alfajayucan), O. megacantha (L.) Mill (yellow prickly pear), O. robusta, O. sp. (Red force) and O. sp. (San Martin red), on the growth of pathogenic bacteria: Escherichia coli, Salmonella typhi and Staphylococcus aureus. In order to verify the inhibition, the extracts were added separately in plates with nutritious agar and they inoculated 1x103 UFC mL-1 one of the microorganisms, counting again the population of bacteria, at the end of the incubation period. Additionally, to compare the results, plates with benzylpenicillin and plates without antibiotic and no extracts of prickly pear were inoculated as a witness. Peel extracts of all varieties of tuna differentially inhibited the growth of three bacteria studied. The extracts of Opuntia joconostle, Opuntia amyclaea and Opuntia robusta, inhibited 100% both gram-negative bacteria (E. coli and Salmonella tiphy) and the gram positive (S. aureus). The extracts of Opuntia megacantha (L) Mill and Opuntia sp. (Red force) species showed a lower degree of inhibition of bacterial growth above.</subfield>
  </datafield>
  <datafield tag="650" ind1="1" ind2="3">
    <subfield code="a">Opuntia</subfield>
    <subfield code="2">atg</subfield>
  </datafield>
  <datafield tag="650" ind1="1" ind2="3">
    <subfield code="a">Bacterias pat&#xF3;genas de las plantas</subfield>
    <subfield code="2">atg</subfield>
  </datafield>
  <datafield tag="650" ind1="1" ind2="3">
    <subfield code="a">Plant pathogenic bacteria</subfield>
  </datafield>
  <datafield tag="700" ind1="1" ind2=" ">
    <subfield code="a">Leyva Ruelas, Gabriel</subfield>
    <subfield code="e">director</subfield>
  </datafield>
  <datafield tag="700" ind1="1" ind2=" ">
    <subfield code="a">Ybarra Moncada, Ma. Carmen</subfield>
    <subfield code="e">asesora</subfield>
  </datafield>
  <datafield tag="700" ind1="1" ind2=" ">
    <subfield code="a">Esparza Torres, F&#xE9;lix</subfield>
    <subfield code="e">asesor</subfield>
  </datafield>
  <datafield tag="856" ind1="4" ind2="1">
    <subfield code="u">http://10.13.5.2/tesis/111364.pdf</subfield>
    <subfield code="y">DESCARGAR PDF</subfield>
  </datafield>
  <datafield tag="901" ind1=" " ind2=" ">
    <subfield code="a">TESIS R85 2010</subfield>
  </datafield>
  <datafield tag="902" ind1=" " ind2=" ">
    <subfield code="a">M</subfield>
  </datafield>
  <datafield tag="905" ind1=" " ind2=" ">
    <subfield code="a">0000002010                          MX A M 0000000000SPA00</subfield>
  </datafield>
  <datafield tag="942" ind1=" " ind2=" ">
    <subfield code="c">TESIS</subfield>
    <subfield code="2">Clasificaci&#xF3;n Universidad Aut&#xF3;noma Chapingo</subfield>
  </datafield>
  <datafield tag="999" ind1=" " ind2=" ">
    <subfield code="c">175361</subfield>
    <subfield code="d">175361</subfield>
  </datafield>
  <datafield tag="952" ind1=" " ind2=" ">
    <subfield code="0">0</subfield>
    <subfield code="1">0</subfield>
    <subfield code="2">local</subfield>
    <subfield code="4">0</subfield>
    <subfield code="7">0</subfield>
    <subfield code="8">TESIS</subfield>
    <subfield code="a">IA_</subfield>
    <subfield code="b">IA_</subfield>
    <subfield code="d">2022-01-18</subfield>
    <subfield code="e">El autor</subfield>
    <subfield code="l">1</subfield>
    <subfield code="o">Tesis R85 2010</subfield>
    <subfield code="p">1101011143</subfield>
    <subfield code="r">2024-11-12 17:38:23</subfield>
    <subfield code="s">2024-11-12</subfield>
    <subfield code="t">Ej.2</subfield>
    <subfield code="w">2022-01-18</subfield>
    <subfield code="y">CD</subfield>
  </datafield>
  <datafield tag="952" ind1=" " ind2=" ">
    <subfield code="0">0</subfield>
    <subfield code="1">0</subfield>
    <subfield code="2">local</subfield>
    <subfield code="4">0</subfield>
    <subfield code="5">1</subfield>
    <subfield code="7">0</subfield>
    <subfield code="8">TESIS</subfield>
    <subfield code="a">IA_</subfield>
    <subfield code="b">IA_</subfield>
    <subfield code="d">2022-01-18</subfield>
    <subfield code="l">0</subfield>
    <subfield code="o">Tesis R85 2010</subfield>
    <subfield code="p">1101011142</subfield>
    <subfield code="r">2022-01-18 00:00:00</subfield>
    <subfield code="t">Ej.1</subfield>
    <subfield code="w">2022-01-18</subfield>
    <subfield code="y">CD</subfield>
  </datafield>
  <datafield tag="952" ind1=" " ind2=" ">
    <subfield code="0">0</subfield>
    <subfield code="1">0</subfield>
    <subfield code="2">local</subfield>
    <subfield code="4">0</subfield>
    <subfield code="7">0</subfield>
    <subfield code="8">TesDigL</subfield>
    <subfield code="a">IA_</subfield>
    <subfield code="b">IA_</subfield>
    <subfield code="c">E_L</subfield>
    <subfield code="d">2022-01-18</subfield>
    <subfield code="e">El autor</subfield>
    <subfield code="l">0</subfield>
    <subfield code="p">1201011142</subfield>
    <subfield code="r">2024-11-04 12:50:29</subfield>
    <subfield code="w">2024-11-04</subfield>
    <subfield code="y">TD</subfield>
  </datafield>
</record>
